Statystyki dla Państwa ładujące się na mapie świata

Kliknij tutaj aby rozwiązać quiz!

Ogólne statystyki

  • Ten quiz został rozwiązany 11 132 razy
  • Średni wynik to 30 z 40

Odpowiedzi na mapie

Odpowiedzi skodowane kolorowo w zielono-czerwonej skali na mapie do tego quizu, zgodnie z poniższymi procentami.
 

Statystyki odpowiedzi

Państwo% Poprawnych
Rosja
96%
Kazachstan
91%
Iran
89%
Japonia
89%
Madagaskar
89%
Mongolia
89%
Irak
86%
Gruzja
85%
Somalia
85%
Turcja
85%
Etiopia
84%
Armenia
83%
Australia
83%
Uzbekistan
83%
Azerbejdżan
82%
Chiny
82%
Sudan
82%
Turkmenistan
82%
Afganistan
81%
Arabia Saudyjska
80%
Jemen
80%
Tadżykistan
80%
Kenia
79%
Sudan Południowy
79%
Kirgistan
76%
Erytrea
75%
D. R. Konga
74%
Czad
71%
Uganda
69%
Dżibuti
68%
Republika
Środkowoafrykańska
65%
Mikronezja
64%
Wyspy Marshalla
62%
Mauritius
61%
Tanzania
60%
Kiribati
58%
Nauru
55%
Rwanda
54%
Syria
54%
Vanuatu
53%

Rozkład punktacji

Percentyl według liczby udzielonych odpowiedzi

Procent ludzi z każdym wynikiem

Twoja historia wyników

Nie rozwiązałeś tego quizu